| 000 | 00813nam a2200265 a 4500 | ||
|---|---|---|---|
| 008 | |||
| 020 | _a0195131878 | ||
| 049 | _aMAIN | ||
| 090 |
_aQH541.15.S72 _bDES |
||
| 100 | 1 | _aScheiner, Samuel M. | |
| 245 | 1 | 0 |
_aDesign and analysis of ecological experiments / _cSamuel M. Scheiner and Jessica Gurevitch. |
| 260 |
_aOxford, : _bOxford University Press, _cc2001. |
||
| 300 | _a2nd ed. | ||
| 300 |
_axvi, 415 p. ; _c24 cm |
||
| 500 | _aIncludes index. | ||
| 500 | _aIncludes bibliographical references. | ||
| 650 | _aEcology-Statistical methods. | ||
| 650 | _aExperimental Design. | ||
| 700 | _aGurevitch, Jessica. | ||
| 907 |
_a.b10181325 _b21-03-12 _c17-11-05 |
||
| 003 | |||
| 005 | 20230123134129.0 | ||
| 040 | _cNUST | ||
| 942 |
_cBOOKS _kQH541.15.S72 _mDES |
||
| 999 |
_c160559 _d160559 |
||